Quantitative techniques : an instructional manual

Bibliographic Details
Main Author: Lucey, T.
Format: Book
Language:English
Published: London : DP Publications Ltd. , 1988
Edition:3rd ed.
Subjects:

MARC

LEADER 00000cam a2200000 7i4500
001 0000008618
005 20170427.0
008 170109 -uk eng
020 |a 1905435893 
040 |a INS 
090 0 0 |a T57.6   |b L83 1988 
100 1 |a Lucey, T. 
245 1 0 |a Quantitative techniques :   |b an instructional manual   |c T. Lucey 
250 |a 3rd ed. 
260 |a London :   |b DP Publications Ltd. ,   |c 1988 
300 |a v., 682p. ;   |c 27 cm. 
500 |a Includes index 
650 0 |a Operations research 
999 |a 0000024412   |b BOOK   |c Open Shelf   |e Default branch